Band Names by Synonym #2 - Statistics

General Stats
  • This quiz has been taken 2,486 times
  • The average score is 8 of 22
Answer Stats
Hint Band Name % Correct
23 Centimeter Pegs Nine Inch Nails
70%
Numbering Ravens Counting Crows
69%
Anger Directed Toward the Appliance Rage Against the Machine
69%
Shrubbery Bush
62%
Verdant 24-Hour-Period Green Day
57%
Rotation Physicians Spin Doctors
49%
Directed Airship Led Zeppelin
48%
A Flawless Ring A Perfect Circle
47%
Swine Puke Pig Vomit
46%
Sightless Fruit Blind Melon
42%
The King's Son and The Uprising Prince and The Revolution
32%
Vagina Brouhaha Pussy Riot
28%
It's Possible They're Brobdignagian They Might Be Giants
27%
Implement Tool
26%
Beginning Genesis
25%
Animalesque Guys Beastie Boys
23%
Enormous Assault Massive Attack
22%
The Progeny The Offspring
20%
Flamboyant Homosexual Man Queen
16%
Absolute Certainty No Doubt
11%
Well Coordinated NSYNC
3%
The Method For Annihilating Seraphim How To Destroy Angels
2%
No matching quizzes found
Score Distribution
Percent of People with Each Score
Percentile by Number Answered
Your Score History
You have not taken this quiz